00769nam a2200205 a 450000100100000000500170001000800410002704000250006808200150009310000340010824500860014226000460022830000210027449000380029559000270033370000300036083000430039095201130043399900170054600002337620200930022156.0101203s1972 ve r 000 0 spa d aDO-SdBNPbspacBNPHU axxxbA727a1 aArmas Alfonzo, Alfredo94815410aAgosto y otros difuntos /cAlfredo Armas Alfonzo; ilustración por Santiago Pol. aCaracas, Venezuela :bMonte Avila,c1972. a159 p. ;c16 cm.1 aBiblioteca Popular Eldorado;v11; aInventariado, 2019/ YL1 aPol, Santiagoeil.948155 0aBiblioteca Popular Eldoradov11916894 001050718MOaGRbGRcCTd2010-12-03iLF1l0oxxx A727ap23376-10r2020-06-25w2020-06-25y1ZNo se presta c22873d22873